LEADER 01190nam a2200289 u 4500 001 000000118661 003 CaOOAMICUS 005 20091209110913.0 008 091209s1987 it u000 u eng r 020 $a88-85246-06-0 020 $a88-85246-07-9 040 $aPUL$bita$dMCT 245 00$aWho's who in Italy 1987 /$cedited by John C. Dove. 260 $aMilano :$bWho's Who in Italy,$c1987. 300 $aXX, 2026 p. ;$c22 cm 490 1 $aSutter's international red series 500 $aTesto su due colonne. 651 4$aItalia$xBiografia$xDizionari.$0(OLS)http://pul/subject/10716 700 1 $aDove, John C.$0(OLS)http://pul/name/74137 830 0$aSutter's international red series.$0(OLS)http://pul/title/77160 850 $aPUL 852 $aPUL$W1$xDP1 Cons. Gen., Altre Classi 1$y22$m437 H 2$j136143$qStampati$B135131$CPULBib$Z2$F135131 $H59393 $82 941 1 $a8 996 $6020$a88-85246-06-0$9(OLS)http://pul/number/142729 996 $6020$a88-85246-07-9$9(OLS)http://pul/number/142730 996 $6245$aWho's who in Italy 1987$9(OLS)http://pul/title/149336 996 $6260$aMilano :$bWho's Who in Italy$9(OLS)http://pul/publisher/69492 LEADER 01346nam a2200301 a 4500 001 000000145750 003 CaOOAMICUS 005 20150915123839.0 008 150915s2006 it u000 u ita r 020 $z8849815301* 040 $aPUL$bita 100 1 $aRicossa, Sergio,$d1927-$0(OLS)http://pul/name/39759 245 13$aLa fine dell'economia :$bsaggio sulla perfezione /$cSergio Ricossa ; prefazione di Enrico Colombatto. 260 $aSoveria Mannelli :$bRubbettino,$c©2006$aTreviglio (BG) :$bLeonardo Facco,$c©2006. 300 $a225 p. ;$c21 cm 490 1 $aMercato, diritto e libertą 504 $aBibliografia in nota. 650 4$aEconomia$xTeorie.$0(OLS)http://pul/subject/18905 700 1 $aColombatto, Enrico.$0(OLS)http://pul/name/93286 830 0$aMercato, diritto e libertą.$0(OLS)http://pul/title/184303 850 $aPUL 852 $aPUL$W1$xDP1 Fondo S. Lanza$y121$m4 A 10$j38889$qFondi$B169228$CPULBib$Z2$F169228 $HLan2498 $82 941 1 $a1 996 $6020$z8849815301*$9(OLS)http://pul/number/158605 996 $6245$aLa fine dell'economia :$bsaggio sulla perfezione$9(OLS)http://pul/title/76165 996 $6260$aSoveria Mannelli :$bRubbettino$9(OLS)http://pul/publisher/51639 996 $6260$aTreviglio (BG) :$bLeonardo Facco$9(OLS)http://pul/publisher/79225